000 00429nam a2200181Ia 4500
001 11672
005 20260306162845.0
008 260306t1993||||xx |||||||||||||| ||spa||
041 _aESP
082 _a986.602
_bP42
100 _aPeƱaherrera de Costales, Piedad
_eAUT
245 0 _aEl reino de Quito
260 _c1993
300 _a289 pƔginas :
_c21 cm.
650 _aGEN
654 _aCHU
942 _cLIB
_dJUS
_fJUS
_2ddc
_n
999 _c11672
_d11672